000
00295 a2200145 4500
001
64161
040
_c
Anchieta - Pituba
100
_a
Martins, Luiz Rátis
240
1
0
_a
Álbum musical
_l
por
245
1
0
_a
Álbum musical
300
_a
415
362
0
_a
2008
650
4
_a
Música
942
_c
BK
999
_c
64161
_d
64161